Diagnóstico subsistema de averías del Instituto Costarricense de Electricidad.
Uloženo v:
| Hlavní autor: | |
|---|---|
| Médium: | Kniha |
| Vydáno: |
1986
|
| Témata: | |
| Tagy: |
Přidat tag
Žádné tagy, Buďte první, kdo vytvoří štítek k tomuto záznamu!
|
MARC
| LEADER | 00000nam a2200000Ia 4500 | ||
|---|---|---|---|
| 003 | 007198 | ||
| 005 | 20221231144355.0 | ||
| 008 | 140114s1986 c a m 000 ||s d | ||
| 040 | |c cru CEDI | ||
| 090 | |a TFG 1834 | ||
| 100 | |a Zúñiga Molina, Betty |9 14154 | ||
| 245 | |a Diagnóstico subsistema de averías del Instituto Costarricense de Electricidad. | ||
| 260 | |c 1986 | ||
| 300 | |a 94 hojas : ilustraciones | ||
| 500 | |a Proyecto de graduación (bachiller en ingeniería industrial)--Universidad de Costa Rica. Facultad de Ingeniería. Escuela de Ingeniería Industrial | ||
| 650 | |x INSTITUTO COSTARRICENSE DE ELECTRICIDAD.. SUBSISTEMA DE AVERIAS |x SISTEMAS DE INFORMACION |x ADMINISTRACION |x TOMA DE DECISIONES |9 14155 | ||
| 942 | |c TFG |2 ddc | ||
| 999 | |c 20908 |d 20908 | ||
